000 00328 a2200157 4500
001 182869
020 _a
040 _cMagnum
100 _aVieira, Thereza Freire
240 1 0 _aRomance do cotidiano
_lpor
245 1 0 _aRomance do cotidiano
300 _a174
362 0 _a1990
697 _aLITERATURA GERAL
942 _cBK
999 _c182869
_d182869